Southville International School and Colleges
Your cart is empty.
  • Cart
  • Lists
    Public lists Eva Luna New books Lux_list list_1
    Your lists Log in to create your own lists
  • Log in to your account
  • Your cookies
  • Search history
Southville International School and Colleges
  • Advanced search
  • Recent comments
  • Most popular
  • Libraries

Log in to your account

Log in with GOOGLE


If you do not have an external account, but do have a local account, you can still log in:

  1. Home
  2. MARC view: The warrior dance and other classic Philippine sky tales /
Normal view MARC view ISBD view

The warrior dance and other classic Philippine sky tales / (Record no. 1766)

[ view plain ]
MARC details
000 -LEADER
fixed length control field 01485cam a2200385 a 4500
001 - CONTROL NUMBER
control field 12409335
003 - CONTROL NUMBER IDENTIFIER
control field OSt
005 - DATE AND TIME OF LATEST TRANSACTION
control field 20140310181716.0
008 - FIXED-LENGTH DATA ELEMENTS--GENERAL INFORMATION
fixed length control field 010314s1998 ph a b 000 0 eng
010 ## - LIBRARY OF CONGRESS CONTROL NUMBER
LC control number 2001307545
020 ## - INTERNATIONAL STANDARD BOOK NUMBER
International Standard Book Number 9716300697 (hard)
020 ## - INTERNATIONAL STANDARD BOOK NUMBER
International Standard Book Number 9716300700 (pbk.)
035 ## - SYSTEM CONTROL NUMBER
System control number (DLC) 2001307545
037 ## - SOURCE OF ACQUISITION
Source of stock number/acquisition Library of Congress -- Jakarta Overseas Office
Terms of availability P225.00
040 ## - CATALOGING SOURCE
Original cataloging agency DLC
Transcribing agency DLC
042 ## - AUTHENTICATION CODE
Authentication code lcode
043 ## - GEOGRAPHIC AREA CODE
Geographic area code a-ph---
050 00 - LIBRARY OF CONGRESS CALL NUMBER
Classification number GR 325
Item number .C957 1998
082 ## - DEWEY DECIMAL CLASSIFICATION NUMBER
Classification number FIL 398.2
Item number C84 1998
100 1# - MAIN ENTRY--PERSONAL NAME
Personal name Cruz, Neni Sta. Romana-
Fuller form of name (Neni Santa Romana-)
245 14 - TITLE STATEMENT
Title The warrior dance and other classic Philippine sky tales /
Statement of responsibility, etc as told by Neni Sta. Romana-Cruz ; illustrated by Mark Justiniani.
260 ## - PUBLICATION, DISTRIBUTION, ETC. (IMPRINT)
Place of publication, distribution, etc Manila :
Name of publisher, distributor, etc Tahanan Books for Young Readers :
-- Distributed in the Philippines by Bookmark,
Date of publication, distribution, etc c1998.
300 ## - PHYSICAL DESCRIPTION
Extent 55 p. :
Other physical details ill. ;
Dimensions 26 cm.
440 #2 - SERIES STATEMENT/ADDED ENTRY--TITLE
Title A treasury of Philippine folk tales
504 ## - BIBLIOGRAPHY, ETC. NOTE
Bibliography, etc Includes bibliographical references (p. 55).
505 0# - FORMATTED CONTENTS NOTE
Formatted contents note The sky, the sea, and the bird of prey -- The husband and wife who quarreled -- The man who would not stop eating -- The star sisters -- The necklace and the comb -- The unforgiving goddess -- The twins of sky and earth -- The warrior dance.
562 ## - COPY AND VERSION IDENTIFICATION NOTE
Number of copies 2
650 #0 - SUBJECT ADDED ENTRY--TOPICAL TERM
Topical term or geographic name as entry element Tales
Geographic subdivision Philippines.
700 1# - ADDED ENTRY--PERSONAL NAME
Personal name Justiniani, Mark.
906 ## - LOCAL DATA ELEMENT F, LDF (RLIN)
a 7
b cbc
c origode
d 3
e ncip
f 20
g y-gencatlg
942 ## - ADDED ENTRY ELEMENTS (KOHA)
Source of classification or shelving scheme Library of Congress Classification
Koha item type Books
Holdings
Withdrawn status Lost status Source of classification or shelving scheme Damaged status Home library Current library Shelving location Date acquired Total Checkouts Total Renewals Full call number Barcode Date last seen Date checked out Copy number Price effective from Koha item type
    Library of Congress Classification   Luxembourg Library Luxembourg Library Filipiniana Section 12/28/2012 3 5 GR 43 .C4 1998 8897 04/22/2019 03/04/2019 1 10/03/2013 Books
    Library of Congress Classification   Luxembourg Library Luxembourg Library Filipiniana Section 06/27/2013     GR 43 .C4 1998 10381 05/25/2015   2 06/27/2013 Books
    Library of Congress Classification   Luxembourg Library Luxembourg Library Filipiniana Section 06/27/2013     GR 43 .C4 1998 15291 08/13/2013   3 06/27/2013 Books

The warrior dance and other classic Philippine sky tales /

APA

Cruz N. S. R., Justiniani M., . (1998). The warrior dance and other classic Philippine sky tales. Manila: Tahanan Books for Young Readers.

Chicago

Cruz Neni Sta Romana, Justiniani Mark, . 1998. The warrior dance and other classic Philippine sky tales. Manila: Tahanan Books for Young Readers.

Harvard

Cruz N. S. R., Justiniani M., . (1998). The warrior dance and other classic Philippine sky tales. Manila: Tahanan Books for Young Readers.

MLA

Cruz Neni Sta Romana, Justiniani Mark, . The warrior dance and other classic Philippine sky tales. Manila: Tahanan Books for Young Readers. 1998.

  • Place hold
  • Print
  • Cite
  • Add to your cart (remove)
  • Save record
    BIBTEX Dublin Core MARCXML MARC (non-Unicode/MARC-8) MARC (Unicode/UTF-8) MARC (Unicode/UTF-8, Standard) MODS (XML) RIS
  • More searches
    Search for this title in:
    Other Libraries (WorldCat) Other Databases (Google Scholar) Online Stores (Bookfinder.com) Open Library (openlibrary.org)

Exporting to Dublin Core...

SOUTHVILLE LIBRARY

Southville International School and Colleges Library

1281 Tropical Ave. Cor. Luxembourg St., BF Homes International, Las Pinas City

Tel. No. 8256374 / 252358 Loc. 117/146

Powered by Koha